Guess top 30 table tennis Men's players ranking in February 2024 ? - Statistiques

Statistiques générales
  • Ce quiz a été pris 52 fois
  • Le résultat moyen est 17 sur 30
Statistiques - réponses
Réponse % Correct
22th Alexis Lebrun
100%
6th Felix Lebrun
100%
3rd Ma Long
91%
1st Fan Zhendong
81%
7th Hugo Calderano
75%
9th Tomokazu Harimoto
75%
2nd Wang Chuqin
75%
4th Liang Jingkun
72%
11th Dang Qiu
69%
12th Dimitrij Ovtcharov
69%
26th Patrick Franziska
66%
5th Lin Gaoyuan
63%
16th Truls Moregard
63%
8th Lin Yun Ju
59%
30th Simon Gauzy
59%
17th Anton Kallberg
56%
10th Lin Shidong
56%
15th Darko Jorgic
53%
20th Omar Assar
53%
13th Quadri Aruna
53%
23th Shunsuke Togami
53%
14th Jang Woojin
47%
19th Marcos Freitas
44%
29th Anders Lind
41%
28th Jonathan Groth
34%
27th Lee Sang Su
34%
18th Lim Jonghoon
34%
21th Mattias Falck
31%
25th Liam Pitchford
19%
24th Zhou Qihao
16%
Aucun quiz correspondant
Distribution des résultats
% des personnes avec chaque résultat
Percentile par nombre de réponses
Votre historique - résultats
Vous n’avez pas pris ce quiz